Komunikácia múzea a múzejná komunikácia

Bibliographic Details
Main Author: Kapráliková, Monika (Author)
Format: Article
Language:Slovak
PhysicalDescription:Fotogr.
ISSN:0027-5263
Subjects:

MARC

LEADER 00000nab a2200000 a 4500
001 vtls010173363
003 SK-MaSNL
005 20260304162441.0
008 250507|2010 xo |||||||||||1|| b|slo
015 |a SNBRB2010/09  |2 snkbucl 
035 |a (uuid)5972e165-883f-41d7-ab13-24d89de38c8d 
035 |a urn:nbn:sk:snk-ab2oqv 
035 |a (urnnbn)urn:nbn:sk:snk:ar-a02pii 
038 |a SNKBUCL 
040 |a SNKBUCL  |b slo  |c SNKBUCL  |e AACR2 
041 0 |a slo  |b eng 
044 |a xo  |c SK 
080 |a 069.1  |2 2001 
100 1 |a Kapráliková, Monika  |4 aut  |9 26401 
245 1 0 |a Komunikácia múzea a múzejná komunikácia  |c Monika Kapráliková 
300 |b Fotogr. 
504 |a Biblliogr. odkazy 
546 |a Res. angl. 
650 0 7 |a múzeá  |2 snkbucl  |9 4119 
650 0 7 |a komunikácia  |2 snkbucl  |9 1362 
650 0 7 |a múzejná komunikácia  |2 snkbucl  |9 75372 
655 7 |a analýzy  |2 snkbucl  |9 22242 
773 0 |t Múzeum  |g Roč. LVI, č. 3 (2010), s. 1-4  |x 0027-5263 
850 |a Slovenská národná knižnica 
852 |a Slovenská národná knižnica 
954 |a odborná, vedecká literatúra pôvodná (slovenská)  |2 lita 
958 |a article27 
958 |a OND 
958 |a EUIPO 
999 |c 2974321  |d 2976251